Songs from the First Line(s) - 2003 - Statistics

General Stats
  • This quiz has been taken 118 times
  • The average score is 13 of 30
Answer Stats
Hint Answer % Correct
Songs My milkshake brings all the boys to the yard, / And they're like / It's better than yours, Song Milkshake
87%
Songs I'm gonna fight 'em off / A seven nation army couldn't hold me back / They're gonna rip it off / Taking their time right behind my back Song Seven Nation Army
81%
Songs Go, go, go, go, go, go / Go shorty, it's your birthday / We gon' party like it's your birthday / And we gon' sip Bacardi like it's your birthday Artist(s) 50 Cent
80%
Songs I just wanna chill and twist the lye / Catch stunts in my 7-45 / You drive me crazy, shorty, I / Need to see you and feel you next to me Artist(s) 50 Cent / Nate Dogg
80%
Songs Coming out of my cage and I've been doing just fine / Gotta, gotta be down, because I want it all / It started out with a kiss, how did it end up like this? Song Mr Brightside
76%
Songs Coming out of my cage and I've been doing just fine / Gotta, gotta be down, because I want it all / It started out with a kiss, how did it end up like this? Artist(s) The Killers
76%
Songs Go, go, go, go, go, go / Go shorty, it's your birthday / We gon' party like it's your birthday / And we gon' sip Bacardi like it's your birthday Song In Da Club
75%
Songs I'm gonna fight 'em off / A seven nation army couldn't hold me back / They're gonna rip it off / Taking their time right behind my back Artist(s) The White Stripes
75%
Songs Yes! So crazy right now! / Most incredibly, it's your girl, B / It's your boy, Young / You ready? Artist(s) Beyoncé / Jay-Z
64%
Songs One, two, three, uh! / My baby don't mess around / Because she loves me so, and this I know for sure (Uh) / But does she really wanna Song Hey Ya
61%
Songs One, two, three, uh! / My baby don't mess around / Because she loves me so, and this I know for sure (Uh) / But does she really wanna Artist(s) Outkast
61%
Songs Yes! So crazy right now! / Most incredibly, it's your girl, B / It's your boy, Young / You ready? Song Crazy In Love
58%
Songs What's wrong with the world, Mama? / People livin' like they ain't got no mamas / I think the whole world's addicted to the drama Artist(s) Black Eyed Peas
53%
Songs What's wrong with the world, Mama? / People livin' like they ain't got no mamas / I think the whole world's addicted to the drama Song Where Is The Love?
49%
Songs My milkshake brings all the boys to the yard, / And they're like / It's better than yours, Artist(s) Kelis
45%
Songs How can you see into my eyes like open doors? / Leading you down into my core where I've become so numb Artist(s) Evanescence / Paul McCoy
37%
Songs How can you see into my eyes like open doors? / Leading you down into my core where I've become so numb Song Bring Me to Life
36%
Songs These ideas are nightmares to white parents / Whose worst fear is a child with dyed hair and who likes earrings / Like whatever they say has no bearing Artist(s) Eminem
34%
Songs So 1, 2, 3 / Take my hand and come with me / Because you look so fine / And I really wanna make you mine Artist(s) Jet
24%
Songs So 1, 2, 3 / Take my hand and come with me / Because you look so fine / And I really wanna make you mine Song Are You Gonna Be My Girl
21%
Songs A hundred days have made me older / Since the last time that I saw your pretty face / A thousand lies have made me colder Artist(s) 3 Doors Down
18%
Songs I know you think that I shouldn't still love you / Or tell you that / But if I didn't say it, well I'd still have felt it / Where's the sense in that? Artist(s) Dido
17%
Songs I know you think that I shouldn't still love you / Or tell you that / But if I didn't say it, well I'd still have felt it / Where's the sense in that? Song White Flag
17%
Songs A hundred days have made me older / Since the last time that I saw your pretty face / A thousand lies have made me colder Song Here Without You
16%
Songs These ideas are nightmares to white parents / Whose worst fear is a child with dyed hair and who likes earrings / Like whatever they say has no bearing Song Sing For The Moment
12%
Songs I just wanna chill and twist the lye / Catch stunts in my 7-45 / You drive me crazy, shorty, I / Need to see you and feel you next to me Song 21 Questions
11%
Songs In your arms / I can still feel the way you want me when you hold me / I can still hear the words you whispered when you told me Artist(s) Shania Twain
9%
Songs In your arms / I can still feel the way you want me when you hold me / I can still hear the words you whispered when you told me Song Forever And For Always
7%
Songs Well, I saw fireworks from the freeway / And behind closed eyes, I cannot make them go away / 'Cause you were born on the Fourth of July Artist(s) Jason Mraz
6%
Songs Well, I saw fireworks from the freeway / And behind closed eyes, I cannot make them go away / 'Cause you were born on the Fourth of July Song The Remedy (I Won't Worry)
6%
No matching quizzes found
Score Distribution
Percent of People with Each Score
Percentile by Number Answered
Your Score History
You have not taken this quiz